| 000 | 02471cam a22005294i 4500 | ||
|---|---|---|---|
| 003 | PE-LiUPU | ||
| 005 | 20250731172848.0 | ||
| 008 | 090629s2009 ilu r 001 0 eng d | ||
| 020 | _a0830838686 | ||
| 020 | _a9780830838684 | ||
| 035 | _a(Sirsi) i9780830838684 | ||
| 040 |
_aDLC _bspa _cDLC _dBTCTA _dC#P _dCFT _dITC _dIDI _dDEBBG _dOCL _dMNY _dJRN _dLMR _dBDX _dOCLCQ _dPE-LiUPU _erda |
||
| 049 | _aPRUA | ||
| 050 | 0 | 0 |
_aBT303.2 _b.B365 2009 |
| 082 | 0 | 0 |
_a232.908 _bH5 _222 |
| 245 | 0 | 4 |
_aThe historical Jesus : _bfive views / _cedited by James K. Beilby and Paul Rhodes Eddy. |
| 264 | 1 |
_aDowners Grove, Illinois : _bIVP Academic, _c2009. |
|
| 300 |
_a312 páginas ; _c23 centímetros |
||
| 336 |
_atext _2rdacontent |
||
| 337 |
_aunmediated _2rdamedia |
||
| 338 |
_avolume _2rdacarrier |
||
| 504 | _aÍndice : páginas 303-312. | ||
| 505 | 0 | _aJesus at the vanishing point / Robert M. Price -- Jesus and the challenge of collaborative eschatology / John Dominic Crossan -- Learning the human Jesus : historical criticism and literary criticism / Luke Timothy Johnson -- Remembering Jesus : how the quest of the historical Jesus lost its way / James D.G. Dunn -- The historical Jesus : an evangelical view / Darrell L. Bock. | |
| 526 | _aSEG42 | ||
| 526 | _aSEG41 | ||
| 526 | _aSEG40 | ||
| 526 | _aSEG39 | ||
| 526 | _aP94 | ||
| 526 | _aP87 | ||
| 526 | _aP86 | ||
| 526 | _aP85 | ||
| 526 | _aP77 | ||
| 526 | _aP76 | ||
| 526 | _aP35 | ||
| 600 | 0 | 0 |
_aJesucristo _xHistoricidad _xHistoria de las doctrinas _ySiglo XXI. |
| 700 | 1 |
_aBeilby, James K., _eeditor. |
|
| 700 | 1 |
_aEddy, Paul R., _eeditor. |
|
| 856 | 4 | 1 |
_3Tabla de contenido : _uhttp://bvbr.bib-bvb.de:8991/F?func=service&doc_library=BVB01&doc_number=018945940&line_number=0001&func_code=DB_RECORDS&service_type=MEDIA |
| 910 |
_ajck _bjck _cjck _d20160606 |
||
| 942 |
_2ddc _cBOOK |
||
| 949 |
_a232.908 H5 _wDEWEY _c1 _i73514 _lCCODEBUL1 _mBUL _p13.00 _r0 _sY _tBOOK _u2016-6-6 _xTEOLOGIA _PP85 _0COMPRA _o.STAFF. Posgrado |
||
| 994 |
_aC0 _bPEPRU |
||
| 856 | 4 | 1 |
_3Tabla de contenido : _uhttp://bvbr.bib-bvb.de:8991/F?func=service&doc_library=BVB01&doc_number=018945940&line_number=0001&func_code=DB_RECORDS&service_type=MEDIA |
| 596 | _a1 | ||
| 999 |
_a232.908 H5 _wDEWEY _c9752 _i73514 _f2021-11-10 _g5 _lCCODEBUL1 _mBUL _p13.00 _r0 _sY _tBOOK _u2016-6-6 _xTEOLOGIA _PP85 _0COMPRA _o.STAFF. Posgrado _d9752 |
||
| 980 |
_81 _gALBERTO SANCHEZ Responsable de Automatización |
||